Loading...
The Family courts act 1984
| Format: | Printed Book |
|---|---|
| Published: |
Mumbai:
Current,
2001.
|
| Subjects: |
| LEADER | 00462nam a22001451a 4500 | ||
|---|---|---|---|
| 082 | |a 346.015 |b FAM | ||
| 245 | |a The Family courts act 1984 | ||
| 260 | |a Mumbai: |b Current, |c 2001. | ||
| 300 | |a 8p. | ||
| 650 | |a Family Courts Act |9 136541 | ||
| 650 | |a Law |9 136542 | ||
| 650 | |a Social Sciences |9 136543 | ||
| 942 | |c BK | ||
| 999 | |c 14383 |d 14383 | ||
| 952 | |0 0 |1 0 |4 0 |6 346_015000000000000_FAM |7 0 |9 20570 |a SSUS |b SSUS |d 2015-01-08 |g 15.00 |o 346.015 FAM |p 028937 |r 2015-01-08 |v 0.00 |w 2015-01-08 |y BK | ||